| 000 | 00608cam a22002415a 4500 | ||
|---|---|---|---|
| 001 | E135361 | ||
| 008 | 061019s2006 xxk f w 001 0 eng d | ||
| 020 | _a0421936401 | ||
| 035 | _a(Sirsi) u135361 | ||
| 041 | 0 | _aeng | |
| 050 | 0 | 4 | _a348.41047 $2 18 |
| 110 | 2 |
_aCurrent Law _92728 |
|
| 245 | 0 | 0 | _aCurrent Law case citator 2005 |
| 260 |
_aLondon _bSweet and Maxwell _c2006 |
||
| 300 |
_axv, 386p. _c26cm. |
||
| 350 | _a0 | ||
| 651 | 4 |
_aUnited Kingdom _y |
|
| 690 | _aBUILT ENVIRONMENT | ||
| 690 | _aENVIRONMENTAL AND LAND CONSULTANCY | ||
| 690 | _aMANAGEMENT | ||
| 690 | _aPROPERTY | ||
| 942 | _n0 | ||
| 999 |
_c106024 _d106024 |
||